000 00757nam a2200217Ia 4500
003 Ost
005 20260507075126.0
008 260507s9999||||xx |||||||||||||| ||und||
040 _cfsecg
041 _aara
082 _a330
100 _aضمرة، دعاء مسعود
_eمؤلف
245 0 _aإدارة التسويق /
_c دعاء مسعود ضمرة
260 _aعمان:
_bالمجتمع العربي,
_c2006
300 _a151 صفحة؛
_c24 سم
520 _aمفهوم التسويق-دراسة السوق وتحليله-سلوك المستهلك-العناصر الأساسية لحظة عمل جيدة
653 _aإدارة الأعمال
653 _aأدارة المبيعات
653 _aالتسويق
942 _cكتاب
999 _c43148
_d43148